000 00302nam a22001337a 4500
008 170712b xxu||||| |||| 00| 0 eng d
020 _a0874360447
041 _aeng
080 _a038
100 _a23
101 _aFJA
245 _aTHE MIDDLE EAST POLITICAL DICTIONARY
_cZIRING, L
942 _2udc
_cBK
999 _c20278
_d20278